Artistas musicales por letra - B - Estadísticas

Estadísticas generales
  • Esta prueba ha sido intentada 190 veces
  • La puntuación promedio es 10 de 20
Estadísticas de respuestas
Años activo País Canciones Artista % Correcto
2013– «Tití me preguntó» | «Dákiti» Bad Bunny
99%
2008– «Mayores» | «Sin pijama» Becky G
88%
2010– «24k Magic» | «Just the Way You Are» Bruno Mars
81%
2013– «Dynamite» | «Butter» BTS
81%
2003– «Single Ladies (Put a Ring on It)» | «Crazy in Love» Beyoncé Knowles
78%
2017– Music Sessions | «Mamichula» Bizarrap
78%
2019– «Bad Guy» | «What Was I Made For?» Billie Eilish
75%
2016– «Fiebre» | «Alocao» Bad Gyal
62%
1992– «I Gotta Feeling» | «The Time (Dirty Bit)» Black Eyed Peas
58%
1962–1970 «All You Need is Love» | «A Hard Day's Night» The Beatles
56%
1965–2012 «Stayin' Alive» | «How Deep is Your Love» Bee Gees
51%
2019– «Loco» | «Si te pillara» Beéle
42%
1973– «Born in the U.S.A.» | «The River» Bruce Springsteen
38%
1970–2017 «Paranoid» | «Iron Man» Black Sabbath
30%
2004– «Malo» | «Ella» Bebe
24%
1962– «California Girls» | «Good Vibrations» The Beach Boys
23%
2005– «To my love» | «Fuego» Bomba Estéreo
17%
2000– «Luz sin gravedad» | «Ángel» Belinda
15%
1980– «Irresponsables» | «El loco» Babasónicos
14%
1938– «Y llegaste tú» | «La quebradora» Banda El Recodo
3%
No se encontraron pruebas coincidentes
Distribución de puntuación
Porcentaje de gente con cada puntuación
Porcentaje por número respondido
Historial de tus puntuaciones
No has intentado esta prueba.